Ekonómia versus Soros Sorosova teória reflexivity ..., v ekonomickej teórii

Salvato in:
Dettagli Bibliografici
Autore principale: Špakovský, Viktor
Natura: Libro
Lingua:slovacco
Pubblicazione: Spišská Nová Ves Lingua Slovaca 2004
Edizione:1. vydanie
Soggetti:
Tags: Aggiungi Tag
Nessun Tag, puoi essere il primo ad aggiungerne!!

MARC

LEADER 00000nam a2200000 4500
001 0248889
005 20240314091118.2
020 |a 80-968405-6-8 
041 0 |a slo 
044 |a SK 
245 1 0 |a Ekonómia versus Soros  |b Sorosova teória reflexivity ..., v ekonomickej teórii  |c Viktor Špakovský 
250 |a 1. vydanie 
264 1 |a Spišská Nová Ves  |b Lingua Slovaca  |c 2004 
300 |a 314 s. 
610 2 0 |a ekonómia 
610 2 0 |a teórie ekonomické 
610 2 0 |a osobnosť 
610 2 0 |a Soros, G. 
100 1 |a Špakovský, Viktor